| 000 | 00470nam a2200181Ia 4500 | ||
|---|---|---|---|
| 005 | 20250423094730.0 | ||
| 008 | 250422s9999 xx 000 0 und d | ||
| 020 | _a9780717261994 | ||
| 050 | _aQD 4 .G73/ | ||
| 100 | _aGray, Leon | ||
| 245 | 0 | _aChemistry matters: the periodi table [vol. 5] | |
| 260 | _aDanbury | ||
| 260 | _bAn imprint of scholastic library publishing | ||
| 260 | _c2007 | ||
| 300 | _a80 p | ||
| 650 | _aChemistry--Encyclopedias. | ||
| 942 | _cBK | ||
| 999 |
_c28129 _d28129 |
||